000 00519nam a2200145Ia 4500
008 140611s9999 xx 000 0 und d
020 _a9789718740323
050 _aLB 2353.26.P6
_b.Al44 2014
100 _aAlfarez, Merle S.
245 _aReview questions 2 for Ateneo, De La Salle, UST, UA&P, U.P and other college entrance tests /
_cMerle S Alfarez.
260 _aQuezon City, Philippines :
_bMSA Publishing House,
_cc2014.
300 _a45 p. :
_bill. ;
_c22 cm.
650 _aExaminations
_xReviewer
999 _c118422
_d118422